Statistics for US Mountains By Picture

Click here to take the quiz!

General Stats

  • This quiz has been taken 52 times
  • The average score is 8 of 12

Answer Stats

Answer% Correct
Denali
98%
Mount Rushmore
93%
Mount St. Helens
90%
Mount Rainier
83%
Mount Whitney
74%
Grand Teton
71%
Mauna Kea
71%
Mount Washington
69%
Mount Shasta
50%
Mount Elbert
45%
Mount Mitchell
43%
Mount Marcy
24%

Score Distribution

Percentile by Number Answered

Percent of People with Each Score

Your Score History

You have not taken this quiz